statistieken voor Hoofdsteden van Azië

Klik hier om de quiz te nemen!

Generale statistieken

  • Deze quiz is al 734 keer genomen
  • De gemiddelde score is 31 of 48

Antwoord statistieken

Land Hoofdstad % Correct
ChinaPeking
93%
JapanTokio
93%
TurkijeAnkara
86%
IrakBagdad
86%
SingaporeSingapore
85%
IndonesiëJakarta
85%
Zuid-KoreaSeoel
83%
IndiaNew Delhi
83%
ThailandBangkok
82%
IsraëlJeruzalem
82%
AfghanistanKabul
82%
IranTeheran
80%
FilipijnenManilla
79%
SyriëDamascus
75%
Noord-KoreaPyongyang
75%
KoeweitKoeweit
74%
VietnamHanoi
73%
Verenigde Arabische EmiratenAbu Dhabi
73%
CyprusNicosia
71%
PakistanIslamabad
69%
MaleisiëKuala Lumpur
68%
TaiwanTaipei
67%
ArmeniëJerevan
67%
AzerbeidzjanBakoe
66%
GeorgiëTbilisi
65%
QatarDoha
65%
LibanonBeiroet
63%
JemenSanaa
63%
BangladeshDhaka
62%
JordaniëAmman
62%
Saoedi-ArabiëRiyad
62%
KazachstanNur-Sultan
59%
NepalKathmandu
59%
MaldivenMalé
57%
CambodjaPhnom Penh
55%
MongoliëUlaanbaatar
54%
LaosVientiane
53%
Oost-TimorDili
53%
OmanMasqat
48%
Sri LankaSri Jayewardenapura Kotte
45%
BahreinManamah
45%
BhutanThimphu
43%
BruneiBandar Seri Begawan
41%
KirgiziëBisjkek
37%
OezbekistanTasjkent
36%
TadzjikistanDoesjanbe
33%
MyanmarNaypyidaw
32%
TurkmenistanAsjchabad
28%

Score Distributie

Percentiel op hoeveel beantwoord

Procent van mensen met elke score

Uw Scoregeschiedenis

U hebt deze quiz nog niet genomen